|
|
|
|
| LEADER |
01444nam a2200313 a 4500 |
| 001 |
4362892 |
| 003 |
BD-DhAAL |
| 008 |
121231s1992 cauab b s001 0 eng |
| 999 |
|
|
|c 13085
|d 13085
|
| 010 |
|
|
|a 90044243
|
| 020 |
|
|
|a 0520066804 (alk. paper)
|
| 020 |
|
|
|a 0520066812 (pbk. : alk. paper)
|
| 040 |
|
|
|a DLC
|c DLC
|d DLC
|d BD-DhAAL
|
| 082 |
0 |
0 |
|a 362.1/096
|2 20
|
| 245 |
0 |
4 |
|a The Social basis of health and healing in Africa /
|c edited by Steven Feierman and John M. Janzen ; sponsored by the Joint Committee on African Studies of the American Council of Learned Societies and the Social Science Research Council.
|
| 260 |
|
|
|a Berkeley :
|b University of California Press,
|c c1992.
|
| 300 |
|
|
|a xviii, 487 pages :
|b illustrations, maps ;
|c 24 cm.
|
| 490 |
|
0 |
|a Comparative studies of health systems and medical care ;
|v no. 30
|
| 504 |
|
|
|a Includes bibliographical references (p. 437-472) and index.
|
| 541 |
|
|
|e 00026442
|
| 650 |
|
0 |
|a Social medicine
|z Africa.
|9 45361
|
| 650 |
|
0 |
|a Healing
|z Africa.
|9 45362
|
| 650 |
|
0 |
|a Medical anthropology
|z Africa.
|9 45363
|
| 700 |
1 |
|
|a Feierman, Steven,
|d 1940-
|9 45364
|
| 700 |
1 |
|
|a Janzen, John M.
|9 45365
|
| 710 |
2 |
|
|a Joint Committee on African Studies.
|9 45366
|
| 852 |
1 |
|
|a Ayesha Abed Library
|j General shelf
|
| 942 |
|
|
|2 ddc
|c BK
|
| 952 |
|
|
|0 0
|1 0
|4 0
|6 362_109600000000000_SOC
|7 0
|9 21745
|a BRACUL
|b BRACUL
|c GEN
|d 2012-12-31
|e Trim Education
|g 3725.00
|l 0
|o 362.1096 SOC
|p 3010026442
|r 2012-12-31
|t 1
|w 2012-12-31
|y BK
|